000 01393nam0a22003011 4500
001 rc\4451050
005 20130416161835.7
021 _aRU
_bРг6712-62
035 _a(NLR Aleph) 008319860
090 _a8750394
_c8750394
100 _a20130416d1962 |||y0rusy50 ca
101 0 _arus
102 _aRU
105 _ay z |||||
200 1 _aИсследование возможности торможения окислительных процессов в жировой ткани птицы, облученной y-лучами
_fVIII Европ. конгресс работников НИИ мясной пром-сти
210 _aМосква
_cБ. и.
_d1962
215 _a5 с.
_d20
300 _aПеред загл. авт.: М.Л. Фрумкин, З.М. Сюнякова, Г.С. Бушканец, И.Н. Карпова; на 1-й с. 1-й и 2-й авт. - кандидаты техн. наук М.Л. Фрумкин, З.М. Сюнякова
701 1 _aБушканец
_bГ. С.
701 1 _aКарпова
_bИ. Н.
701 1 _aСюнякова
_bЗ. М.
701 1 _aФрумкин
_bМ. Л.
712 1 2 _aЕвропейский конгресс работников НИИ мясной промышленности
_d8
_3RU\NLR\AUTH\8810145120
801 0 _aRU
_bNLR
_gpsbo
801 1 _aRU
_bELAR
_2rusmarc
852 _aNLR
_j62-4/14776
942 _cBOOK
980 _aNB